Меценатство в России на примере томского купечества; Актуальные проблемы гуманитарных наук

Bibliographische Detailangaben
Parent link:Актуальные проблемы гуманитарных наук.— 2010.— С. 275-276
1. Verfasser: Межецкая А. А.
Sprache:Russisch
Veröffentlicht: 2010
Schlagworte:
Format: MixedMaterials Buchkapitel
KOHA link:https://koha.lib.tpu.ru/cgi-bin/koha/opac-detail.pl?biblionumber=193562

MARC

LEADER 00000naa2a2200000 4500
001 193562
005 20231031182005.0
035 |a (RuTPU)RU\TPU\book\211106 
090 |a 193562 
100 |a 20110324d2010 k y0rusy50 ca 
101 0 |a rus 
102 |a RU 
200 1 |a Меценатство в России на примере томского купечества  |f А. А. Межецкая 
320 |a Библиогр.: 1 назв. 
463 0 |0 (RuTPU)RU\TPU\book\205127  |y 978-5-98298-643-6  |t Актуальные проблемы гуманитарных наук  |o сборник трудов IX Международной научно-практической конференции студентов, аспирантов и молодых ученых, 22-23 апреля 2010 г., Томск  |f Национальный исследовательский Томский политехнический университет (ТПУ)  |v С. 275-276  |d 2010  |p 564 с. 
610 1 |a купечество 
610 1 |a Томск 
610 1 |a меценатство 
610 1 |a благотворительность 
610 1 |a история 
610 1 |a Россия 
610 1 |a труды учёных ТПУ 
700 1 |a Межецкая  |b А. А. 
801 1 |a RU  |b 63413507  |c 20110324 
942 |c BK